Eating right / (Record no. 9277)

MARC details
000 -LEADER
fixed length control field 00783nam a22002657a 4500
001 - CONTROL NUMBER
control field 9277
003 - CONTROL NUMBER IDENTIFIER
control field FISKH
005 - DATE AND TIME OF LATEST TRANSACTION
control field 20260108133224.0
008 - FIXED-LENGTH DATA ELEMENTS--GENERAL INFORMATION
fixed length control field 251209b cb ||||| |||| 00| 0 eng d
020 ## - INTERNATIONAL STANDARD BOOK NUMBER
International Standard Book Number 9780736887199
040 ## - CATALOGING SOURCE
Original cataloging agency FISKH
Language of cataloging eng
Transcribing agency FISKH
Modifying agency FISKH
050 ## - LIBRARY OF CONGRESS CALL NUMBER
Classification number RA784 .F765
082 ## - DEWEY DECIMAL CLASSIFICATION NUMBER
Classification number 613.2
100 ## - MAIN ENTRY--PERSONAL NAME
Personal name Frost, Helen
245 ## - TITLE STATEMENT
Title Eating right /
Statement of responsibility, etc. by Helen Frost
260 ## - PUBLICATION, DISTRIBUTION, ETC.
Place of publication, distribution, etc. Minnesota :
Name of publisher, distributor, etc. Pebble Books,
Date of publication, distribution, etc. 2000.
300 ## - PHYSICAL DESCRIPTION
Extent 24 pages :
Other physical details color illustrations ;
Dimensions 18 cm
505 ## - FORMATTED CONTENTS NOTE
Formatted contents note J<br/>
520 ## - SUMMARY, ETC.
Summary, etc. Simple text and photographs describe the food guide pyramid and show examples of food in each group.
521 8# - TARGET AUDIENCE NOTE
Target audience note 430<br/>
Source Lexile estimate<br/>
521 8# - TARGET AUDIENCE NOTE
Target audience note J<br/>
Source Raz-Plus<br/>
650 ## - SUBJECT ADDED ENTRY--TOPICAL TERM
Topical term or geographic name entry element Nutrition
Form subdivision Non-fiction
General subdivision Food
942 ## - ADDED ENTRY ELEMENTS (KOHA)
Source of classification or shelving scheme Dewey Decimal Classification
Koha item type Books
Suppress in OPAC No
Holdings
Withdrawn status Lost status Source of classification or shelving scheme Damaged status Not for loan Collection Home library Current library Shelving location Date acquired Total Checkouts Full call number Barcode Date last seen Copy number Price effective from Koha item type
Withdrawn   Dewey Decimal Classification Damaged   Non-Fiction Footprints International School Library Network Toul Tom Poung Campus Footprints International School Library Network Toul Tom Poung Campus TTP Primary Dark Blue Bookshelves 12/09/2025   FRO 613.2 RA784 .F765 FISO1039 12/09/2025 1 12/09/2025 Books